00320nam a2200109Ia 45000010005000000080041000050200018000460820022000641000019000862450069001052600036001744048241024s9999 xx 000 0 und d a99934-48-15-x aRD/920/G934a/2004 aMyrna Guerrero 0aAquiles Azar. Pasíon y fidelidad a la expresión en el dibujo bEditorial Amigo del Hogarc2004